| 000 | 00901cam a2200289 4500 | ||
|---|---|---|---|
| 008 | 090401t1994 xxu||||| |||| 00| 0 eng d | ||
| 020 | _a0852995970 | ||
| 035 | _a(Sirsi) u6622 | ||
| 041 | _aeng | ||
| 050 | _a657.73 | ||
| 110 |
_aChartered Institute of Public Finance and Accountancy _92136 |
||
| 245 | _aAsset registers: an update | ||
| 260 |
_aLondon _bCIPFA _c1994 |
||
| 300 | _aviii, 20p. ; 30cm. | ||
| 350 | _a17.5 | ||
| 490 | _aCIFPA Capital Accounting by Local Authorities | ||
| 520 | _aUpdates 085299513X, Asset registers: a practical guide. | ||
| 650 | _aMANAGEMENT-BUSINESS MANAGEMENT-FINANCIAL MANAGEMENT-ACCOUNTING | ||
| 650 | _aASSET MANAGEMENT | ||
| 650 | _aASSET REGISTERS | ||
| 650 | _aCAPITAL ACCOUNTING | ||
| 650 | _aLOCAL AUTHORITIES | ||
| 650 | _aPROPERTY RECORDS | ||
| 690 | _aPROPERTY-PROPERTY FINANCE AND INVESTMENT | ||
| 942 | _n0 | ||
| 948 | _c04/03/1997 | ||
| 999 |
_c86331 _d86331 |
||